000
00314nam a2200133Ia 4500
008
170203s9999 xx 000 0 und d
020
_a
9788131904473
050
_a
Fic
050
_b
.A245
245
_a
Adventure of Huckleberry Finn /
260
_a
New Delhi :
260
_b
Kuldeep Jain
300
_a
16 pages;
999
_c
306107
_d
306107